[Event "Rio de Janeiro op 3rd"]
[Site "Rio de Janeiro"]
[Date "2024.04.23"]
[Round "2"]
[White "Zacarias, Rodrigo Medeiros"]
[Black "Mobaier, Sergio"]
[Result "1/2-1/2"]
[WhiteElo "2101"]
[BlackElo "1881"]
[PlyCount "76"]
[EventDate "2024.04.22"]
[EventType "swiss"]
[EventRounds "9"]
[EventCountry "BRA"]
[SourceTitle "CB18_2024"]
[SourceDate "2024.05.01"]
[SourceVersion "1"]
[SourceVersionDate "2024.05.01"]
[SourceQuality "2"]

1. e4 c5 2. Nf3 e6 3. d4 cxd4 4. Nxd4 a6 5. Nc3 Qc7 6. Bd3 Nf6 7. Qe2 d6 8. Bg5 Nbd7 9. 0-0-0 Be7 10. f4 b5 11. Rhe1 Bb7 12. Kb1 b4 13. Nd5 exd5 14. exd5 0-0 15. Qf2 Rfe8 16. Re3 Bf8 17. Rh3 g6 18. f5 Bg7 19. fxg6 hxg6 20. Rf1 Qc5 21. Qh4 Re4 22. Bxe4 Qxd4 23. Bd3 Qxh4 24. Rxh4 a5 25. Rhf4 Bxd5 26. Bxf6 Nxf6 27. Rxf6 Bxf6 28. Rxf6 Kg7 29. Rxd6 Bxg2 30. Kc1 Ra7 31. Kd2 Bh3 32. Ra6 Rxa6 33. Bxa6 Be6 34. a3 Kf6 35. c4 bxc3+ 36. bxc3 Ke5 37. Ke3 f5 38. Bd3 g5 1/2-1/2

[Event "Florianopolis op 10th"]
[Site "Florianopolis"]
[Date "2024.01.24"]
[Round "6"]
[White "Zacarias, Rodrigo Medeiros"]
[Black "Perez, Maximiliano"]
[Result "0-1"]
[WhiteElo "2058"]
[BlackElo "2383"]
[PlyCount "124"]
[EventDate "2024.01.20"]
[EventType "swiss"]
[EventRounds "10"]
[EventCountry "BRA"]
[SourceTitle "CB05_2024"]
[SourceDate "2024.01.31"]
[SourceVersion "1"]
[SourceVersionDate "2024.01.31"]
[SourceQuality "1"]

1. e4 g6 2. d4 Bg7 3. Nc3 a6 4. Be3 b5 5. h4 Bb7 6. f3 h6 7. Qd2 e6 8. 0-0-0 d6 9. g4 Nd7 10. Bg2 Nb6 11. b3 Nf6 12. g5 hxg5 13. hxg5 Rxh1 14. gxf6 Rxg1 15. fxg7 Rxd1+ 16. Nxd1 Kd7 17. d5 Qg8 18. Bd4 Re8 19. Qg5 c5 20. dxe6+ fxe6 21. Bf6 Qf7 22. Ne3 Rg8 23. Ng4 Rxg7 24. Bxg7 Qxg7 25. Nf6+ Kc8 26. Bh3 Qf7 27. f4 Kc7 28. Qh4 Nd7 29. Nh7 Qg7 30. Ng5 Qa1+ 31. Kd2 Nf6 32. Nxe6+ Kb6 33. Bg2 Bxe4 34. Bxe4 Nxe4+ 35. Ke3 Nf6 36. Kd2 Ne4+ 37. Ke3 Nf6 38. Kd2 b4 39. Nf8 Qd4+ 40. Kc1 Kc6 41. Qh3 Qxf4+ 42. Kb1 Qe4 43. Qc8+ Kd5 44. Qb7+ Kd4 45. Qxe4+ Nxe4 46. Nxg6 a5 47. Nf4 Nc3+ 48. Kb2 a4 49. bxa4 Nxa4+ 50. Kb3 Nc3 51. a4 Nxa4 52. Ne2+ Ke3 53. Ng3 Kd4 54. Ne2+ Ke3 55. Ng3 Kf4 56. Nh5+ Kg5 57. Ng3 Nc3 58. Kc4 Kf4 59. Nh5+ Ke3 60. Nf6 Kd2 61. Kb3 Kc1 62. Nd7 Ne2 0-1

[Event "Niteroi op 3rd"]
[Site "Niteroi"]
[Date "2023.09.07"]
[Round "6"]
[White "Zacarias, Rodrigo Medeiros"]
[Black "Quintiliano Pinto, Renato Rodrigues"]
[Result "0-1"]
[WhiteElo "2121"]
[BlackElo "2500"]
[PlyCount "91"]
[EventDate "2023.09.04"]
[EventType "swiss"]
[EventRounds "9"]
[EventCountry "BRA"]
[SourceTitle "EXT 2024"]
[Source "ChessBase"]
[SourceDate "2023.10.10"]
[SourceVersion "1"]
[SourceVersionDate "2023.10.10"]
[SourceQuality "1"]

1. e4 c5 2. Nf3 d6 3. d4 cxd4 4. Nxd4 Nf6 5. Nc3 a6 6. Bg5 e6 7. f4 h6 8. Bh4 Nbd7 9. Qe2 e5 10. Nf5 exf4 11. 0-0-0 g5 12. Bf2 Ne5 13. Bd4 Qc7 14. g3 fxg3 15. Bh3 gxh2 16. Bxe5 dxe5 17. Rxh2 Bxf5 18. Bxf5 Bg7 19. Bg4 Rd8 20. Rf1 Rd6 21. Bh5 0-0 22. Rhf2 Qc5 23. Rf5 b5 24. a3 Kh8 25. Kb1 b4 26. axb4 Qxb4 27. Rxf6 Rxf6 28. Rxf6 Bxf6 29. Qxa6 Bg7 30. Qc6 Qd4 31. Ka2 Qa7+ 32. Na4 Ra8 33. b3 Rb8 34. Qc4 Kg8 35. Kb1 Bf8 36. Nc3 Ra8 37. Na4 Qg1+ 38. Ka2 Ra7 39. Qc8 Qg2 40. Qc4 g4 41. Qc8 Qxe4 42. Bxg4 Ra8 43. Bf5 Rxc8 44. Bxe4 h5 45. c3 h4 46. b4 0-1

[Event "Niteroi op 2nd"]
[Site "Niteroi"]
[Date "2022.09.06"]
[Round "8"]
[White "Zacarias, Rodrigo Medeiros"]
[Black "Segato, Pedro Henrique Pedr"]
[Result "1-0"]
[WhiteElo "2095"]
[BlackElo "1947"]
[PlyCount "115"]
[EventDate "2022.09.01"]
[EventType "swiss"]
[EventRounds "9"]
[EventCountry "BRA"]
[SourceTitle "EXT 2024"]
[Source "ChessBase"]
[SourceDate "2023.10.10"]
[SourceVersion "1"]
[SourceVersionDate "2023.10.10"]
[SourceQuality "1"]

1. e4 c5 2. Nf3 a6 3. c3 e6 4. Bd3 d5 5. e5 Nc6 6. 0-0 Nh6 7. Bc2 Bd7 8. d3 Be7 9. Re1 Nf5 10. Nbd2 Qc7 11. Nf1 0-0-0 12. d4 cxd4 13. Bxf5 exf5 14. cxd4 Kb8 15. Bf4 Be6 16. Rc1 h6 17. Re2 g5 18. Be3 f4 19. Bd2 Qd7 20. Bc3 Rde8 21. N3d2 Bg4 22. f3 Bf5 23. g4 Be6 24. Nb3 h5 25. h3 hxg4 26. hxg4 Rh3 27. Rh2 Rxh2 28. Nxh2 Rh8 29. Be1 f6 30. Qe2 fxe5 31. Rxc6 e4 32. Rc1 e3 33. Ba5 Rc8 34. Rxc8+ Qxc8 35. Nf1 Bd7 36. Nxe3 fxe3 37. Qxe3 Bd6 38. Qxg5 Qc6 39. Qd8+ Ka7 40. Bb6+ Qxb6 41. Qxd7 Bb8 42. Qxd5 Qh6 43. g5 Qh2+ 44. Kf1 Bg3 45. Qc5+ Ka8 46. d5 Qh1+ 47. Ke2 Qg2+ 48. Kd1 Qxf3+ 49. Kc1 Bf4+ 50. Nd2 Bxg5 51. Qd4 Qh1+ 52. Kc2 Be7 53. Qe4 Qxe4+ 54. Nxe4 b5 55. d6 Bh4 56. Nc5 Ka7 57. d7 Kb6 58. Ne6 1-0

[Event "Niteroi op 2nd"]
[Site "Niteroi"]
[Date "2022.09.04"]
[Round "6"]
[White "Zacarias, Rodrigo Medeiros"]
[Black "Terao, Juliana Sayumi"]
[Result "1/2-1/2"]
[WhiteElo "2095"]
[BlackElo "2240"]
[PlyCount "117"]
[EventDate "2022.09.01"]
[EventType "swiss"]
[EventRounds "9"]
[EventCountry "BRA"]
[SourceTitle "CBM 210 Extra"]
[Source "ChessBase"]
[SourceDate "2022.11.30"]
[SourceVersion "1"]
[SourceVersionDate "2022.11.30"]
[SourceQuality "1"]

1. e4 e5 2. Nf3 Nc6 3. Bb5 a6 4. Ba4 Nf6 5. d3 d6 6. 0-0 b5 7. Bb3 Be7 8. Nc3 Na5 9. Bg5 c6 10. Qe2 h6 11. Bd2 0-0 12. Nd1 Nxb3 13. axb3 Be6 14. h3 Re8 15. Ne1 Bf8 16. f4 exf4 17. Bxf4 c5 18. Qf2 d5 19. e5 Nd7 20. Nf3 f6 21. exf6 Qxf6 22. Qg3 d4 23. Nf2 g5 24. Bd2 Bg7 25. Ne4 Qg6 26. Nd6 Rf8 27. Rae1 Bd5 28. Ne4 Rae8 29. Qd6 Qxd6 30. Nxd6 Rxe1 31. Nxe1 Rxf1+ 32. Kxf1 Ne5 33. Nf5 Bf6 34. Ke2 Kf7 35. Ng3 Ke6 36. Kf2 Be7 37. Ne2 b4 38. Nf3 Ng6 39. Ng3 Bd6 40. Ne4 Be7 41. Ng3 Nf8 42. Bc1 Bd6 43. Ne2 Nd7 44. Ng3 Nf6 45. Ne2 a5 46. g4 Bc6 47. Ng3 Bxg3+ 48. Kxg3 a4 49. bxa4 Bxa4 50. b3 Bc6 51. h4 gxh4+ 52. Nxh4 h5 53. gxh5 Nxh5+ 54. Kg4 Nf6+ 55. Kg3 Nd5 56. Kf2 Nc7 57. Ng6 Be8 58. Nf4+ Ke5 59. Ne2 1/2-1/2

[Event "Niteroi op 2nd"]
[Site "Niteroi"]
[Date "2022.09.03"]
[Round "4"]
[White "Zacarias, Rodrigo Medeiros"]
[Black "Rodi, Luis Ernesto"]
[Result "1/2-1/2"]
[WhiteElo "2095"]
[BlackElo "2327"]
[PlyCount "160"]
[EventDate "2022.09.01"]
[EventType "swiss"]
[EventRounds "9"]
[EventCountry "BRA"]
[SourceTitle "CBM 210 Extra"]
[Source "ChessBase"]
[SourceDate "2022.11.30"]
[SourceVersion "1"]
[SourceVersionDate "2022.11.30"]
[SourceQuality "1"]

1. e4 e5 2. Nf3 Nc6 3. Bb5 a6 4. Ba4 d6 5. 0-0 Bg4 6. c3 Qf6 7. d3 Nge7 8. Be3 Bxf3 9. Qxf3 Qxf3 10. gxf3 g5 11. Kh1 f6 12. Nd2 Ng6 13. b4 Be7 14. Bb3 Kd7 15. Rfb1 Raf8 16. Bc2 Nh4 17. b5 axb5 18. a4 b4 19. cxb4 f5 20. exf5 Nxf5 21. a5 Ncd4 22. Bd1 Ra8 23. b5 Rhf8 24. a6 b6 25. f4 gxf4 26. Bxd4 Nxd4 27. Nf3 Nf5 28. Bb3 Bf6 29. Bd5 Ra7 30. Ra2 Ne7 31. Bb7 Ng6 32. Rc2 Rf7 33. Rbc1 Kd8 34. Nd2 Nf8 35. Ne4 Ne6 36. Rg1 Rf8 37. Nxf6 Rxf6 38. Rg8+ Rf8 39. Rxf8+ Nxf8 40. f3 Ne6 41. Rg2 Ke7 42. Rg8 Nd4 43. Rg7+ Kf6 44. Rxc7 Nxb5 45. Rc6 Ke7 46. Rxb6 Nc7 47. Kg2 Kd7 48. Bc6+ Ke7 49. Rb7 Rxb7 50. axb7 Na6 51. Be4 h6 52. Kh3 Kd7 53. Kg4 Kc7 54. d4 exd4 55. Kxf4 Nc5 56. Bd5 Nxb7 57. Ke4 Nc5+ 58. Kxd4 Kd7 59. Ke3 Ke7 60. Kf4 Kf6 61. h4 Nd7 62. Kg4 Kg6 63. Be4+ Kf6 64. f4 Nc5 65. Bc2 Ne6 66. Be4 Ng7 67. Bd5 Nf5 68. Be4 h5+ 69. Kh3 Ne3 70. Bf3 Kg6 71. Be4+ Kh6 72. Kg3 d5 73. Bd3 Kg7 74. Kf3 d4 75. Ke4 Ng2 76. Be2 d3 77. Bxd3 Nxh4 78. Be2 Kh6 79. Bxh5 Kxh5 80. f5 Nxf5 1/2-1/2

[Event "Iberoamerican-ch 8th"]
[Site "Mexico City"]
[Date "2022.02.18"]
[Round "8"]
[White "Zacarias Rodriguez, Santiago"]
[Black "Zacarias, Rodrigo Medeiros"]
[Result "1-0"]
[WhiteElo "1896"]
[BlackElo "2174"]
[PlyCount "51"]
[EventDate "2022.02.12"]
[EventType "swiss"]
[EventRounds "9"]
[EventCountry "MEX"]
[SourceTitle "CBM 206 Extra"]
[Source "ChessBase"]
[SourceDate "2022.03.31"]
[SourceVersion "1"]
[SourceVersionDate "2022.03.31"]
[SourceQuality "1"]

1. e4 c5 2. Nf3 d6 3. d4 cxd4 4. Nxd4 Nf6 5. Nc3 a6 6. Be2 e5 7. Nb3 Be7 8. Bg5 Nbd7 9. a4 b6 10. Bc4 Bb7 11. Qe2 0-0 12. 0-0 Qc7 13. Nd2 Rfc8 14. Bb3 Qd8 15. Rfd1 Rc5 16. Nc4 Qc7 17. Be3 Rc6 18. Nd5 Qd8 19. Nxf6+ gxf6 20. Qg4+ Kh8 21. Bh6 Bf8 22. Nxd6 Rxd6 23. Rxd6 Bxh6 24. Rxd7 Qc8 25. Qf5 Bg7 26. Rxb7 1-0

[Event "Titled Tuesday intern op 30th Mar"]
[Site "Chess.com INT"]
[Date "2021.03.30"]
[Round "2"]
[White "Smietanska, Wiktoria"]
[Black "Zacarias, Rodrigo Medeiros"]
[Result "0-1"]
[WhiteElo "1853"]
[BlackElo "2135"]
[PlyCount "52"]
[EventDate "2021.03.30"]
[EventType "swiss (blitz)"]
[EventRounds "11"]
[EventCountry "USA"]
[SourceTitle "CBM 201 Extra"]
[Source "ChessBase"]
[SourceDate "2021.05.31"]
[SourceVersion "1"]
[SourceVersionDate "2021.05.31"]
[SourceQuality "1"]

1. e4 c5 2. d4 cxd4 3. c3 dxc3 4. Nxc3 Nc6 5. Nf3 e6 6. Bc4 a6 7. Qe2 Nge7 8. 0-0 Ng6 9. Rd1 b5 10. Bb3 Be7 11. Be3 0-0 12. Nd4 Na5 13. Bc2 Bb7 14. b3 Rc8 15. Qd2 Bb4 16. Nde2 Qc7 17. Qxd7 Bxc3 18. Qxc7 Rxc7 19. Bb6 Rcc8 20. Nxc3 Rxc3 21. Bd3 Nc6 22. Kf1 Nce5 23. Be2 Bxe4 24. h4 Rc2 25. h5 Nf4 26. Bd4 Bxg2+ 0-1

[Event "Titled Tuesday intern op 30th Mar"]
[Site "Chess.com INT"]
[Date "2021.03.30"]
[Round "10"]
[White "Zacarias, Rodrigo Medeiros"]
[Black "Grafl, Florian"]
[Result "1-0"]
[WhiteElo "2135"]
[BlackElo "2343"]
[PlyCount "135"]
[EventDate "2021.03.30"]
[EventType "swiss (blitz)"]
[EventRounds "11"]
[EventCountry "USA"]
[SourceTitle "CBM 201 Extra"]
[Source "ChessBase"]
[SourceDate "2021.05.31"]
[SourceVersion "1"]
[SourceVersionDate "2021.05.31"]
[SourceQuality "1"]

1. e4 b6 2. d4 Bb7 3. Bd3 Nf6 4. Qe2 Nc6 5. c3 e5 6. d5 Ne7 7. Nf3 d6 8. 0-0 Ng6 9. c4 Be7 10. Nc3 0-0 11. Rb1 Nh5 12. g3 Bc8 13. Ne1 Nf6 14. Ng2 Bh3 15. Re1 Qd7 16. Ne3 a5 17. Nf5 Bd8 18. b3 Ne7 19. Nh4 g6 20. f4 exf4 21. Bxf4 Re8 22. Qd2 Nh5 23. e5 Nxf4 24. Qxf4 Nc8 25. Nf3 Qg4 26. Nb5 Qxf4 27. gxf4 Bd7 28. Nbd4 Bg4 29. Kf2 dxe5 30. fxe5 Ne7 31. e6 fxe6 32. Nxe6 Bxe6 33. Rxe6 Nf5 34. Rbe1 Rxe6 35. Rxe6 Kf7 36. Ne5+ Kf8 37. Bxf5 gxf5 38. Nc6 Bh4+ 39. Kf3 Kf7 40. Kf4 Rg8 41. Re2 Rg7 42. Kxf5 Rg5+ 43. Kf4 Rg1 44. Ne5+ Kf6 45. Nf3 Rf1 46. Kg4 Bf2 47. Re6+ Kf7 48. Rc6 Bc5 49. Rxc7+ Kg6 50. Rc6+ Kg7 51. Ne5 Rg1+ 52. Kf5 Rf1+ 53. Ke6 Rf6+ 54. Kd7 Rf2 55. Kc7 Rxa2 56. Rxc5 Rd2 57. d6 bxc5 58. d7 Kf6 59. Nc6 Kf5 60. d8Q Rxd8 61. Kxd8 Ke4 62. Nxa5 Kd3 63. Kc7 Kc3 64. Kc6 Kb4 65. Nb7 Kxb3 66. Nxc5+ Kc3 67. Kd5 h5 68. Ne4+ 1-0

[Event "Titled Tuesday intern op 30th Mar"]
[Site "Chess.com INT"]
[Date "2021.03.30"]
[Round "4"]
[White "Zacarias, Rodrigo Medeiros"]
[Black "Ptacnikova, Lenka"]
[Result "1-0"]
[WhiteElo "2135"]
[BlackElo "2106"]
[PlyCount "95"]
[EventDate "2021.03.30"]
[EventType "swiss (blitz)"]
[EventRounds "11"]
[EventCountry "USA"]
[SourceTitle "CBM 201 Extra"]
[Source "ChessBase"]
[SourceDate "2021.05.31"]
[SourceVersion "1"]
[SourceVersionDate "2021.05.31"]
[SourceQuality "1"]

1. e4 c5 2. Nf3 e6 3. d4 cxd4 4. Nxd4 Nf6 5. Nc3 Nc6 6. Nxc6 bxc6 7. e5 Nd5 8. Ne4 Qc7 9. f4 Ba6 10. c4 f5 11. exf6 Nxf6 12. Nxf6+ gxf6 13. Qh5+ Kd8 14. Bd2 Rb8 15. Ba5 Bb4+ 16. Bxb4 Rxb4 17. Qh4 Ke7 18. Qg3 Rf8 19. b3 Qa5 20. Qc3 Qc5 21. a3 Rbb8 22. b4 Qd6 23. c5 Qxf4 24. Bxa6 Qe4+ 25. Be2 Rg8 26. Qf3 Qe5 27. 0-0 Rg6 28. Bd3 Rh6 29. g3 Rg8 30. Rae1 Qd4+ 31. Kg2 f5 32. Bxf5 Rf8 33. Qe4 Qb2+ 34. Re2 Qxa3 35. Bg4 Rxf1 36. Kxf1 Qc1+ 37. Kg2 Qc3 38. Rf2 Qg7 39. Qf3 Rg6 40. Bh3 Rg5 41. Qf4 Rd5 42. Qh4+ Ke8 43. Qf4 Rd4 44. Qb8+ Ke7 45. Qxa7 Rxb4 46. Qa2 Re4 47. Qd2 Rc4 48. Qe3 1-0

[Event "Florianopolis op 6th"]
[Site "Florianopolis"]
[Date "2020.01.21"]
[Round "3"]
[White "Dibai, Jerry"]
[Black "Zacarias, Rodrigo Medeiros"]
[Result "1-0"]
[WhiteElo "1693"]
[BlackElo "2095"]
[PlyCount "75"]
[EventDate "2020.01.20"]
[EventType "swiss"]
[EventRounds "10"]
[EventCountry "BRA"]
[SourceTitle "CBM 194 Extra"]
[Source "ChessBase"]
[SourceDate "2020.03.31"]
[SourceVersion "1"]
[SourceVersionDate "2020.03.31"]
[SourceQuality "1"]

1. e4 c6 2. g3 d5 3. Bg2 dxe4 4. Bxe4 Nf6 5. Bg2 Bf5 6. Nf3 e6 7. 0-0 Bd6 8. Re1 Nbd7 9. Nh4 Bg4 10. Bf3 Bxf3 11. Nxf3 Qc7 12. d4 0-0-0 13. c4 h5 14. c5 Be7 15. Qa4 b5 16. cxb6 Nxb6 17. Qc2 Nfd5 18. Ne5 Nb4 19. Qc3 N6d5 20. Qb3 h4 21. a3 hxg3 22. hxg3 Rh3 23. axb4 Rdh8 24. Bd2 Bxb4 25. Bxb4 Qb6 26. Qc4 Nxb4 27. Nd2 f6 28. Qxe6+ Kb7 29. Qd7+ Ka8 30. Ndc4 Qb7 31. Qxb7+ Kxb7 32. Nf7 R8h5 33. Re7+ Kb8 34. Raxa7 Rh1+ 35. Kg2 R5h2+ 36. Kf3 Nd3 37. Reb7+ Kc8 38. Ncd6# 1-0

[Event "Rio de Janeiro Estadual-ch"]
[Site "Rio de Janeiro"]
[Date "2019.09.29"]
[Round "3"]
[White "Zacarias, Rodrigo Medeiros"]
[Black "Fernandes, Felipe Gambini"]
[Result "1-0"]
[WhiteElo "2081"]
[BlackElo "1919"]
[PlyCount "59"]
[EventDate "2019.09.28"]
[EventType "swiss"]
[EventRounds "6"]
[EventCountry "BRA"]
[SourceTitle "EXT 2020"]
[Source "ChessBase"]
[SourceDate "2019.10.17"]
[SourceVersion "1"]
[SourceVersionDate "2019.10.17"]
[SourceQuality "1"]

1. e4 c6 2. d4 d5 3. e5 c5 4. Nf3 Nc6 5. c4 e6 6. Nc3 cxd4 7. Nxd4 Bb4 8. Nxc6 bxc6 9. Qa4 Bxc3+ 10. bxc3 Bd7 11. cxd5 cxd5 12. Qg4 Qc7 13. Qd4 Rc8 14. Bd2 Ne7 15. f4 0-0 16. Ba6 Rb8 17. a4 Rb6 18. Bd3 Nc6 19. Qc5 Rc8 20. 0-0 Rb2 21. Be3 Qb6 22. Qxb6 axb6 23. Rfb1 Rxb1+ 24. Rxb1 Ne7 25. a5 bxa5 26. Rb7 Rxc3 27. Rxd7 g6 28. Rxe7 Rxd3 29. Bc5 Rc3 30. Re8+ 1-0

[Event "Rio de Janeiro Estadual-ch"]
[Site "Rio de Janeiro"]
[Date "2019.09.29"]
[Round "4"]
[White "Zacarias, Rodrigo Medeiros"]
[Black "Guimaraes, Wagner Peixoto"]
[Result "0-1"]
[WhiteElo "2081"]
[BlackElo "2216"]
[PlyCount "46"]
[EventDate "2019.09.28"]
[EventType "swiss"]
[EventRounds "6"]
[EventCountry "BRA"]
[SourceTitle "EXT 2020"]
[Source "ChessBase"]
[SourceDate "2019.10.17"]
[SourceVersion "1"]
[SourceVersionDate "2019.10.17"]
[SourceQuality "1"]

1. e4 g6 2. d4 Bg7 3. Nf3 d6 4. Nc3 a6 5. Bf4 b5 6. a4 b4 7. Nd5 Bb7 8. Bc4 e6 9. Nxb4 Bxe4 10. Qe2 Bb7 11. a5 Nf6 12. 0-0 0-0 13. Rfd1 Qc8 14. c3 Nc6 15. Nxc6 Bxc6 16. b4 Qb7 17. Bd3 Rfe8 18. c4 e5 19. d5 Bd7 20. Bg5 e4 21. Bxf6 Bxf6 22. Bxe4 Bxa1 23. Rxa1 f5 0-1

[Event "Rio de Janeiro Estadual-ch"]
[Site "Rio de Janeiro"]
[Date "2019.09.28"]
[Round "2"]
[White "Okamura, Milton Kasuo"]
[Black "Zacarias, Rodrigo Medeiros"]
[Result "0-1"]
[WhiteElo "1948"]
[BlackElo "2081"]
[PlyCount "92"]
[EventDate "2019.09.28"]
[EventType "swiss"]
[EventRounds "6"]
[EventCountry "BRA"]
[SourceTitle "EXT 2020"]
[Source "ChessBase"]
[SourceDate "2019.10.17"]
[SourceVersion "1"]
[SourceVersionDate "2019.10.17"]
[SourceQuality "1"]

1. d4 Nf6 2. c4 g6 3. Nc3 d5 4. cxd5 Nxd5 5. e4 Nxc3 6. bxc3 Bg7 7. Be3 c5 8. Qd2 0-0 9. Rc1 Qc7 10. Nf3 Nd7 11. Bd3 c4 12. Be2 b5 13. 0-0 Bb7 14. d5 Nc5 15. Bf4 Qa5 16. Qe3 Rac8 17. Nd4 Na4 18. Rc2 Qb6 19. Rd1 Rcd8 20. Qg3 Rc8 21. Bg4 Ra8 22. Be5 a6 23. h4 Bxe5 24. Qxe5 Qd6 25. Qg5 Kh8 26. Bf3 Qf6 27. Qg3 Nc5 28. e5 Qb6 29. h5 Rad8 30. Ne2 gxh5 31. Nf4 Qh6 32. Qh4 Rg8 33. g3 Rg5 34. Nh3 Rxe5 35. Qd4 Qf6 36. Nf4 Ne6 37. Qb6 Rg8 38. Qxb7 Nxf4 39. d6 exd6 40. Be4 h4 41. Qc6 hxg3 42. Rxd6 gxf2+ 43. Kxf2 Ne6+ 44. Ke2 Rxe4+ 45. Qxe4 Nf4+ 46. Kf3 Qxd6 0-1

[Event "Rio de Janeiro Estadual-ch"]
[Site "Rio de Janeiro"]
[Date "2018.09.23"]
[Round "3"]
[White "De Deus, Marcelo Oliveira"]
[Black "Zacarias, Rodrigo Medeiros"]
[Result "0-1"]
[WhiteElo "1828"]
[BlackElo "2109"]
[PlyCount "80"]
[EventDate "2018.09.22"]
[EventType "swiss"]
[EventRounds "6"]
[EventCountry "BRA"]
[SourceTitle "EXT 2020"]
[Source "ChessBase"]
[SourceDate "2019.10.17"]
[SourceVersion "1"]
[SourceVersionDate "2019.10.17"]
[SourceQuality "1"]

1. e4 c5 2. c3 e6 3. Nf3 Nc6 4. d4 d5 5. e5 Qb6 6. Bd3 Bd7 7. dxc5 Bxc5 8. 0-0 f6 9. exf6 gxf6 10. Nh4 0-0-0 11. Qh5 Ne5 12. Bc2 Bb5 13. b4 Bxf1 14. bxc5 Qa6 15. Bf4 Qe2 16. Bd1 Qxh5 17. Bxh5 Bd3 18. Bxe5 fxe5 19. Bf7 Bf5 20. Nxf5 exf5 21. Be6+ Kc7 22. Bxf5 Ne7 23. Bc2 Kc6 24. Nd2 Kxc5 25. Rb1 b6 26. a4 Nc6 27. c4 Nd4 28. Bd1 dxc4 29. Ne4+ Kd5 30. Nc3+ Kc6 31. Bh5 a6 32. Bf7 b5 33. axb5+ axb5 34. f3 Rd7 35. Bh5 Ra7 36. Re1 b4 37. Ne4 Nc2 38. Re2 Ra1+ 39. Kf2 Nd4 40. Rd2 c3 0-1

[Event "Rio de Janeiro Estadual-ch"]
[Site "Rio de Janeiro"]
[Date "2018.05.01"]
[Round "5"]
[White "Silva, Marcelo dos Santos"]
[Black "Zacarias, Rodrigo Medeiros"]
[Result "1/2-1/2"]
[WhiteElo "1956"]
[BlackElo "2112"]
[PlyCount "48"]
[EventDate "2018.04.28"]
[EventType "swiss"]
[EventRounds "6"]
[EventCountry "BRA"]
[SourceTitle "CBM 184 Extra"]
[Source "ChessBase"]
[SourceDate "2018.06.28"]
[SourceVersion "1"]
[SourceVersionDate "2018.06.28"]
[SourceQuality "1"]

1. c4 Nf6 2. d4 g6 3. Nc3 d5 4. Nf3 Bg7 5. Bf4 0-0 6. e3 c5 7. dxc5 Qa5 8. Rc1 dxc4 9. Bxc4 Qxc5 10. Bb3 Nc6 11. 0-0 Qa5 12. Qe2 Bf5 13. e4 Bg4 14. Qe3 Bxf3 15. gxf3 Nh5 16. Bg3 Nxg3 17. hxg3 Qh5 18. Kg2 e6 19. Rh1 Qa5 20. Rh2 Rfd8 21. Rch1 h5 22. g4 Bd4 23. Qh6 Bg7 24. Qe3 Bd4 1/2-1/2

[Event "Rio de Janeiro Estadual-ch"]
[Site "Rio de Janeiro"]
[Date "2017.12.03"]
[Round "3"]
[White "Zacarias, Rodrigo Medeiros"]
[Black "Teixeira, Ricardo da Silva"]
[Result "1/2-1/2"]
[WhiteElo "2130"]
[BlackElo "2228"]
[PlyCount "113"]
[EventDate "2017.12.02"]
[EventType "swiss"]
[EventRounds "6"]
[EventCountry "BRA"]
[SourceTitle "CBM 182 Extra"]
[Source "ChessBase"]
[SourceDate "2018.02.23"]
[SourceVersion "1"]
[SourceVersionDate "2018.02.23"]
[SourceQuality "1"]

1. e4 e6 2. d4 d5 3. Nd2 Nf6 4. e5 Nfd7 5. Ngf3 c5 6. c3 Nc6 7. Be2 cxd4 8. cxd4 f6 9. exf6 Nxf6 10. 0-0 Bd6 11. Re1 0-0 12. Nf1 Nh5 13. g3 Nf6 14. Ne3 Bd7 15. Ng2 Qb6 16. Rb1 Rae8 17. b4 a6 18. b5 axb5 19. Bxb5 Qc7 20. Bf4 Bxf4 21. Nxf4 Ne4 22. Rc1 Rxf4 23. Bxc6 Bxc6 24. gxf4 Qxf4 25. h3 Rf8 26. Re3 Rf6 27. Qc2 Rg6+ 28. Kh1 Ng3+ 29. fxg3 Qxe3 30. Kg2 Qf4 31. Qxg6 Qxc1 32. Qxe6+ Kf8 33. Qf5+ Ke7 34. Qxh7 Qb2+ 35. Kg1 Qa1+ 36. Kf2 Qxa2+ 37. Ke3 Qa3+ 38. Qd3 Qxd3+ 39. Kxd3 Bb5+ 40. Kc3 Bf1 41. h4 Ke6 42. g4 Be2 43. Ne5 b6 44. Kd2 Bf1 45. Ke3 Bb5 46. h5 Ba4 47. Kf4 Bc2 48. g5 b5 49. Nc6 Bd1 50. h6 gxh6 51. gxh6 Kf6 52. h7 Kg7 53. Ke5 Kxh7 54. Nb4 Kg7 55. Kxd5 Kf7 56. Kc6 Be2 57. Kc7 1/2-1/2

[Event "Rio de Janeiro zt RJ"]
[Site "Rio de Janeiro"]
[Date "2017.09.03"]
[Round "4"]
[White "Zacarias, Rodrigo Medeiros"]
[Black "Manzi, Luiz Antonio Bardao"]
[Result "1-0"]
[WhiteElo "2109"]
[BlackElo "1995"]
[PlyCount "93"]
[EventDate "2017.09.02"]
[EventType "swiss"]
[EventRounds "6"]
[EventCountry "BRA"]
[SourceTitle "CBM 180 Extra"]
[Source "ChessBase"]
[SourceDate "2017.10.06"]
[SourceVersion "1"]
[SourceVersionDate "2017.10.06"]
[SourceQuality "1"]

1. e4 Nf6 2. e5 Nd5 3. d4 d6 4. Nf3 dxe5 5. Nxe5 c6 6. Bc4 Nd7 7. Nc3 Nxe5 8. dxe5 Be6 9. Nxd5 Bxd5 10. Bxd5 Qxd5 11. Qxd5 cxd5 12. Be3 e6 13. 0-0-0 b6 14. Rd3 Rc8 15. f4 g6 16. Kb1 h5 17. g3 Rc7 18. Rhd1 Be7 19. h4 0-0 20. Bd4 Rfc8 21. Rc3 Rxc3 22. Bxc3 Rc4 23. Rd4 Bc5 24. Rxc4 dxc4 25. Be1 Kf8 26. Kc1 Ke7 27. Kd1 Kd7 28. Ke2 Kc6 29. Bd2 Kd5 30. Kf3 Be7 31. a4 a6 32. Be3 b5 33. axb5 axb5 34. Bd2 b4 35. Be3 b3 36. c3 f6 37. exf6 Bxf6 38. Bc1 e5 39. fxe5 Bxe5 40. Bd2 Bxg3 41. Kxg3 Ke4 42. Bg5 Kd3 43. Be7 Ke3 44. Bd6 Ke4 45. Kf2 g5 46. hxg5 Kf5 47. Be7 1-0

[Event "Rio de Janeiro zt RJ"]
[Site "Rio de Janeiro"]
[Date "2017.09.02"]
[Round "2"]
[White "Limp, Eduardo Thelio"]
[Black "Zacarias, Rodrigo Medeiros"]
[Result "1-0"]
[WhiteElo "2377"]
[BlackElo "2109"]
[PlyCount "97"]
[EventDate "2017.09.02"]
[EventType "swiss"]
[EventRounds "6"]
[EventCountry "BRA"]
[SourceTitle "CBM 180 Extra"]
[Source "ChessBase"]
[SourceDate "2017.10.06"]
[SourceVersion "1"]
[SourceVersionDate "2017.10.06"]
[SourceQuality "1"]

1. d4 Nf6 2. Nf3 e6 3. c3 d5 4. Bg5 Be7 5. Nbd2 0-0 6. e3 c5 7. Bd3 Nc6 8. 0-0 Qc7 9. dxc5 Bxc5 10. e4 Ne5 11. Nxe5 Qxe5 12. Nf3 Qc7 13. Bxf6 gxf6 14. exd5 exd5 15. Qd2 Kg7 16. Rfe1 Bg4 17. Nd4 Bxd4 18. cxd4 Rfe8 19. Rxe8 Rxe8 20. Re1 Rxe1+ 21. Qxe1 Qf4 22. Qe3 Qxe3 23. fxe3 Bd7 24. e4 dxe4 25. Bxe4 b6 26. Kf2 f5 27. Bf3 Kf6 28. Kg3 Kg5 29. h4+ Kf6 30. Kf4 h6 31. Be2 Bc6 32. g3 Bd5 33. a3 Bb3 34. Bd3 Be6 35. Bc2 Bd7 36. Bb3 b5 37. Bd5 Be8 38. b4 Bd7 39. Bb3 Be6 40. Bc2 Bc8 41. Bd3 Bd7 42. Be2 Be8 43. Bf3 Bd7 44. Bd5 Be8 45. Bb7 Ke7 46. Kxf5 f6 47. d5 h5 48. d6+ Kxd6 49. Kxf6 1-0